000 00797nam a22002177a 4500
005 20240214194613.0
008 240214b |||||||| |||| 00| 0 eng d
020 _a978585808300
037 _3Donación
040 _aCO-JMCR
_cCO-JMCR
_dCO-JMCR
_erda
041 _aspa
082 _aA-N
_bURil
100 _aUribe Ricaurte, Pablo
_eautor
_943389
245 _aLos extraños poderes de un camafeo y otros cuentos /
_cPablo Uribe Ricaurte
250 _aSegunda edición
300 _a120 páginas ;
_c21 cm.
505 _aEl faisán de los huevos de plata -- El corazón de otro -- El aprendiz hechicero -- La casa de las Huríes -- Los extraños poderes de un camafeo
650 _2JMCR
_aCuentos
_xadultos
_943390
650 _2JMCR
_aCuentos
_xLatinoamericanos
_943391
942 _2ddc
_cBK
999 _c30565
_d16949